00672nam a2200193Ia 4500008004100000020001900041082001200060100002100072245007000093250000800163260003700171300002300208500001900231600002100250650005000271942000700321952013300328999001700461240925s9999 xx 000 0 und d a97881203458360 a004 ADI aAdikesavan, T.A. 0aInformation technology Bast Pratices and Applications in Business a1st aNew Delhi:bPHI Learningc,2012. a185p.b0fOriginal aIncludes Index aComputer Science aComputer science, information & general works cBK 001040708CSaUITUbUITUd2015-12-14eParamount Book Pvt Ltdg1164.00l0o004 ADIpQ10653r2024-09-25 07:15:47w2024-09-25yBK c13152d13152